Statistics for Zodiac Sign quiz!!!!!

Click here to take the quiz!

General Stats

  • This quiz has been taken 34 times
  • The average score is 11 of 13

Answer Stats

HintAnswer% Correct
July 23-Aug 22🦁Leo
100%
Jun 22- July 22🦀Cancer
97%
Oct 23-Nov 21🦂Scorpio/Scorpius
97%
Jan 20-Feb 18💦Aquarius
94%
May 21-Jun 21👬Gemini
90%
Sep 22-Oct 23 ⚖Libra
90%
Aug 23-Sep 22♍Virgo
90%
Dec 22-Jan 19🐐Capricorn/Capricornus
87%
Mar 20-Apr 19🐏Aries
84%
Feb 19-Mar 20🐟Pisces
84%
Apr 20-May 20🐂Taurus
84%
Nov 22-Dec 21🏹Sagittarius
74%
The new oneOphiuchus
26%

Score Distribution

Percentile by Number Answered

Percent of People with Each Score

Your Score History

You have not taken this quiz